00465nam a2200193Ia 4500003000400000005001700004008004100021020001800062040000700080041000800087082002200095100002200117245003800139250000600177260003600183300001800219365001600237650001800253OSt20230331112013.0210423s2004 xx 000 0 und d a0-387-20169-6 cAL aeng a512.72 223bRIBL aRIBENBOIM (Paulo) aLittle book of bigger primes Ed 2 a2 aNew YorkbSpringer Verlagc2004 axxiii,356bPB b7580.2cEUR aNumber Theory